| 000 | 00720 a2200193 4500 | ||
|---|---|---|---|
| 001 | 30032 | ||
| 005 | 20260407155611.0 | ||
| 008 | 260407a1991 arg spa d | ||
| 003 | AR-UNSa-BCEJYS | ||
| 040 |
_aAR-UNSa-BCEJYS _bspa _cAR-UNSa-BCEJYS |
||
| 080 |
_a06.055 _xPublicaciones, informes concernientes al trabajo de la organización |
||
| 245 | 1 | 0 |
_aInforme del Decanato _pgestión 1989-1991 |
| 264 | 1 |
_aSalta : _bUniversidad Nacional de Salta. Facultad de Ciencias Económicas, Jurídicas y Sociales _c1991 |
|
| 300 |
_a73 p. _c24 cm. |
||
| 041 | _aspa | ||
| 942 | _cBK | ||
| 590 | _aniveau_biblio:m niveau_hierar:0 | ||
| 100 | 1 | _aUniversidad Nacional de Salta. Facultad de Ciencias Económicas, Jurídicas y Sociales | |
| 999 |
_c1997 _d1997 |
||